| 000 -LEADER |
| fixed length control field |
01834nam a2200301 a 4500 |
| 003 - CONTROL NUMBER IDENTIFIER |
| control field |
AR-BaISA |
| 005 - DATE AND TIME OF LATEST TRANSACTION |
| control field |
20190326102613.0 |
| 007 - PHYSICAL DESCRIPTION FIXED FIELD--GENERAL INFORMATION |
| fixed length control field |
ta |
| 008 - FIXED-LENGTH DATA ELEMENTS--GENERAL INFORMATION |
| fixed length control field |
140829s2014 sp ado | |||| 001 0 spa d |
| 020 ## - INTERNATIONAL STANDARD BOOK NUMBER |
| International Standard Book Number |
9788490224632 |
| 040 ## - CATALOGING SOURCE |
| Transcribing agency |
AR-BaISA |
| 082 04 - DEWEY DECIMAL CLASSIFICATION NUMBER |
| Edition number |
22 |
| Classification number |
611.013 C196 |
| 100 10 - MAIN ENTRY--PERSONAL NAME |
| Personal name |
Carlson, Bruce M. |
| Dates associated with a name |
1938- |
| Relator code |
aut. |
| 9 (RLIN) |
1278 |
| 245 10 - TITLE STATEMENT |
| Title |
Embriología humana y biología del desarrollo / |
| Statement of responsibility, etc. |
Bruce M. Carlson y Piranit Nik Kantaputra |
| 250 ## - EDITION STATEMENT |
| Edition statement |
5ª ed. |
| 260 ## - PUBLICATION, DISTRIBUTION, ETC. |
| Place of publication, distribution, etc. |
Barcelona: |
| Name of publisher, distributor, etc. |
Elsevier, |
| Date of publication, distribution, etc. |
2014 |
| 300 ## - PHYSICAL DESCRIPTION |
| Extent |
XIII, 505 p.: |
| Other physical details |
il., graf., fot.; |
| Dimensions |
28 cm. |
| 336 ## - CONTENT TYPE |
| Content type term |
Texto (visual) |
| Source |
isbdcontent |
| 337 ## - MEDIA TYPE |
| Media type term |
sin mediación |
| Source |
isbdmedia |
| 500 ## - GENERAL NOTE |
| General note |
Acceso a Student Consult ubicado en la cubierta |
| 504 ## - BIBLIOGRAPHY, ETC. NOTE |
| Bibliography, etc. note |
Bibliografía al final de cada capítulo |
| 504 ## - BIBLIOGRAPHY, ETC. NOTE |
| Bibliography, etc. note |
Índice analítico p: 479-505 |
| 505 ## - FORMATTED CONTENTS NOTE |
| Title |
PRIMEROS ESTADIOS DEL DESARROLLO EMBRIONARIO Y RELACIÓN MATERNO-FETAL: |
| -- |
Preparación del embarazo -- |
| -- |
Transporte de los gametos y fecundación -- |
| -- |
Segmentación del cigoto e implantación del embrión -- |
| -- |
Bases moleculares del desarrollo embrionario -- |
| -- |
Formación de las capas germinales y sus primeros derivados -- |
| -- |
Organización del plan corporal básico del embrión -- |
| -- |
Placenta y membranas extraembrionarias -- |
| -- |
Trastornos del desarrollo: causas, mecanismos y tipos -- |
| -- |
DESARROLLO DE LOS SISTEMAS CORPORALES: |
| -- |
Sistemas tegumentario, esquelético y muscular -- |
| -- |
Desarrollo de las extremidades -- |
| -- |
Sistema nervioso -- |
| -- |
Cresta neural -- |
| -- |
Órganos de los sentidos -- |
| -- |
Cabeza y cuello -- |
| -- |
Sistemas digestivo y respiratorio y cavidades corporales -- |
| -- |
Sistema urogenital -- |
| -- |
Aparato cardiovascular -- |
| -- |
Período fetal y nacimiento |
| 650 14 - SUBJECT ADDED ENTRY--TOPICAL TERM |
| Topical term or geographic name entry element |
Embriología humana |
| 9 (RLIN) |
1279 |
| 650 14 - SUBJECT ADDED ENTRY--TOPICAL TERM |
| Topical term or geographic name entry element |
Biología del desarrollo |
| Source of heading or term |
4 |
| 9 (RLIN) |
1280 |
| 700 1# - ADDED ENTRY--PERSONAL NAME |
| Personal name |
Kantaputra, Piranit Nik |
| 9 (RLIN) |
1281 |
| Relator term |
aut. |
| 942 ## - ADDED ENTRY ELEMENTS (KOHA) |
| Source of classification or shelving scheme |
|
| Koha item type |
Libros |